Aktuálne otázky etických problémov v globalizovanej kultúre

Globalizovaná kultúra, jej špecifiká a etické problémy, na ktoré v dnešnej dobe naráža. Ide predovšetkým o mapovanie aktuálnych globálnych problémov, interkultúrneho dialógu a ľudských práv. Otázky univerzálnej etiky a jej možného/nemožného vytvorenia.

Salvato in:
Dettagli Bibliografici
Autore principale: Profantová, Miroslava
Natura: Capitolo di libro
Lingua:slovacco
Soggetti:
Tags: Aggiungi Tag
Nessun Tag, puoi essere il primo ad aggiungerne!!

MARC

LEADER 00000nla a2200000 4500
001 0212313
005 20240417075104.7
041 0 |a slo 
044 |a SK 
245 1 0 |a Aktuálne otázky etických problémov v globalizovanej kultúre  |c Miroslava Profantová 
520 |a Globalizovaná kultúra, jej špecifiká a etické problémy, na ktoré v dnešnej dobe naráža. Ide predovšetkým o mapovanie aktuálnych globálnych problémov, interkultúrneho dialógu a ľudských práv. Otázky univerzálnej etiky a jej možného/nemožného vytvorenia. 
610 2 0 |a globalizácia 
610 2 0 |a ideológia 
610 2 0 |a kultúra 
610 2 0 |a civilizácia 
610 2 0 |a komunikácia interkultúrna 
610 2 0 |a rozmanitosť kultúrna 
610 2 0 |a vzťahy interkultúrne 
610 2 0 |a etika 
100 1 |a Profantová, Miroslava